00572nam a2200193Ia 4500008004100000020001800041082000800059100003000067245002200097250000600119260002800125300001600153500002400169650001200193700005900205942000700264952009000271999001700361230524s9999 xx 000 0 und d a9788132212331 bWET aJonathan Wetherbee942714 0aBegineeing EJB 3  a7 aNew DelhibApressc2013 a"XIX,415p;" aQuantity Number: 1 aComp-Sc a"Chirag Rathod , Raghu Kodali , Peter Zadrozny"942715 cBK 00104070aTATCLbTATCLcGENd2023-05-24l0o WETp54062r2023-05-24w2023-05-24yBK c57699d57699